Desarrollo de un producto cosmético a base de sustancias naturales con atributos antisépticos y de su estructura operativa
Gardado en:
| Autor Principal: | |
|---|---|
| Outros autores: | , , |
| Formato: | Libro |
| Idioma: | Spanish |
| Publicado: |
[San José, Costa Rica]
2021
|
| Materias: | |
| Etiquetas: |
Engadir etiqueta
Sen Etiquetas, Sexa o primeiro en etiquetar este rexistro!
|
MARC
| LEADER | 00000nam a2200000Ia 4500 | ||
|---|---|---|---|
| 003 | 013807 | ||
| 005 | 20240318133203.0 | ||
| 008 | 140114s2021 cr a 000 ||spa d | ||
| 040 | |c cru CEDI | ||
| 100 | |a Chiong Zhu, Javier, 1996- |9 2687 | ||
| 245 | |a Desarrollo de un producto cosmético a base de sustancias naturales con atributos antisépticos y de su estructura operativa | ||
| 260 | |a [San José, Costa Rica] |c 2021 | ||
| 500 | |a Proyecto de graduación (licenciatura en ingeniería industrial)--Universidad de Costa Rica. Facultad de Ingeniería. Escuela de Ingeniería Industrial | ||
| 501 | |a Director de Proyecto de Graduación: Dr. Roberto Quirós Vargas | ||
| 650 | |x PLANIFICACION EMPRESARIAL |x PLANIFICACION EMPRESARIAL - METODOLOGIA |x COMPETITIVIDAD |x COMPETENCIA ECONOMICA - ADMINISTRACION |x COVID-19 (ENFERMEDAD) |x COSMETICOS | ||
| 700 | |a Llobet Matamoros, Daniel, 1997- |9 2688 | ||
| 700 | |a Ramírez Fernández, Mónica,1996- |9 2689 | ||
| 700 | |a Quirós Vargas, Roberto |d Director del TFG |9 689 | ||
| 942 | |c TFG |h TFG 8948 |i 013807 |6 TFG_8948_013807000000000 | ||
| 999 | |c 12781 |d 12781 | ||
